000 00486nam a2200169Ia 4500
003 GCL
008 140319s9999 xx 000 0 ara d
040 _aGCL /
_cGCL
082 0 4 _a155.23
_bك م
100 1 _aكاميليا ابراهيم عبدالفتاح
245 1 0 _aمستوى الطموح والشخصية /
_cكاميليا ابراهيم عبدالفتاح
300 _a187 ص
490 _a
650 0 4 _aعلم النفس
650 0 4 _aالشخصية
942 _2ddc
_cBK
999 _c45440
_d45440